| 000 | 01167nas a22002777a 4500 | ||
|---|---|---|---|
| 005 | 20250428151657.0 | ||
| 007 | cr | ||
| 008 | 250226c1917 ag |||p| |||| 00| 0 spa d | ||
| 022 | _a00733407 (impresa) | ||
| 022 | _a18504884 (en línea) | ||
| 040 | _cAR-FvUNAJ | ||
| 245 | 1 | 0 |
_aEl hornero : _brevista de ornotología neotropical / _cDepartamento Científico de Aves Argentinas |
| 260 |
_aCABA : _bAves Argentinas, _c1917 - |
||
| 300 | _aImpresa y digital | ||
| 362 | _aVol. 1, No. 1 (oct 1917) - | ||
| 500 | _aEn sus inicios la publicación fue editada por la Sociedad Ornitológica del Plata, a partir del año 2001 cambiaría su denominación a Aves Argentinas. | ||
| 650 | 2 | 7 |
_2agrovoc _921280 _aORNITOLOGIA |
| 651 | 2 | 7 |
_2unescot _9326 _aARGENTINA |
| 653 | 2 | 0 | _aAVES NEOTROPICALES |
| 710 | 1 |
_921286 _aAves Argentinas |
|
| 856 | 4 | 1 | _uhttps://elhornero.avesargentinas.org.ar/home/index |
| 856 | 4 | 1 |
_uhttps://elhornero.avesargentinas.org.ar/home/article/view/818/797 _yCORMORANES DE LA COSTA PATAGÓNICA:ESTADO POBLACIONAL, ECOLOGÍA Y CONSERVACIÓN |
| 869 | _a---- | ||
| 942 |
_2ddc _cURL |
||
| 980 |
_619227 _aLeticia Ana Abalos _819227 _gLeticia Ana Abalos |
||
| 999 |
_c10758 _d10758 |
||